| 000 | 00501cam a2200193ua 4500 | ||
|---|---|---|---|
| 020 | _c20.00 | ||
| 041 |
_aeng _h |
||
| 082 |
_a664.02 _bVIK/FO |
||
| 100 | _aVikram, Malhotra . | ||
| 245 |
_aFood processing industries in India / _cVikram Malhotra. _hTextual Documents |
||
| 260 |
_aIndia : _bMinistry of food processing industries , _c1996. |
||
| 300 | _a184 ; . | ||
| 365 | _a20.00 | ||
| 504 | _a | ||
| 942 | _cBK | ||
| 999 |
_c7290 _d7290 |
||